| Tag |
First Indicator |
Second Indicator |
Subfields |
| LEADER |
00000cam a2200000 i 4500 |
| 001 |
in00000042027 |
| 005 |
20151007070713.0 |
| 008 |
800530r19801963miu b 00010 eng d |
| 035 |
|
|
|a (OCoLC)06375158
|
| 035 |
|
|
|9 AAE4546AM
|
| 040 |
|
|
|a TXA
|c TXA
|d UtOrBLW
|
| 049 |
|
|
|a TXAM
|c [1243269]
|
| 090 |
|
|
|a PR4857
|b .R6 1963a
|
| 100 |
1 |
|
|a Rouse, John J.
|
| 245 |
1 |
4 |
|a The literary reputation of Rudyard Kipling :
|b a study of the criticism of Kipling's works in British literary periodicals from 1886 to 1960 /
|c John J. Rouse.
|
| 264 |
|
1 |
|a [Place of publication not identified] :
|b [publisher not identified] ;
|c 1963
|
| 264 |
|
4 |
|c ©1964
|
| 300 |
|
|
|a [viii], 311 leaves
|
| 336 |
|
|
|a text
|b txt
|2 rdacontent
|
| 337 |
|
|
|a unmediated
|b n
|2 rdamedia
|
| 338 |
|
|
|a volume
|b nc
|2 rdacarrier
|
| 500 |
|
|
|a Photocopy of typescript. Ann Arbor, Mich. : University Microfilms International, 1980. -- 21 cm.
|
| 502 |
|
|
|c New York University.
|
| 504 |
|
|
|a Bibliography: leaves 303-311.
|
| 600 |
1 |
0 |
|a Kipling, Rudyard,
|d 1865-1936
|x Criticism and interpretation.
|
| 999 |
|
|
|a MARS
|
| 999 |
f |
f |
|s 4cf920dd-51d9-3c98-8d3a-85403249e01a
|i 20cffe9c-42ed-3f47-a7e2-78201d373f84
|t 0
|
| 952 |
f |
f |
|p noncirc
|a Texas A&M University
|b College Station
|c Cushing Memorial Library & Archives
|d Cushing: Literature/Kipling (Does not check out)
|t 0
|e PR4857 .R6 1963a
|h Library of Congress classification
|i unmediated -- volume
|
| 998 |
f |
f |
|a PR4857 .R6 1963a
|t 0
|l Cushing: Literature/Kipling (Does not check out)
|